ARRUPE JESUIT UNIVERSITY

CORONAVIRUS -STOP THE SPREAD - CLEAN,DISINFECT,COVER

Du Bellay (Record no. 124169)

MARC details
000 -LEADER
fixed length control field 00828cam a2200289 4500
001 - CONTROL NUMBER
control field 1023923
003 - CONTROL NUMBER IDENTIFIER
control field ARRUPE
005 - DATE AND TIME OF LATEST TRANSACTION
control field 20160212103109.0
008 - FIXED-LENGTH DATA ELEMENTS--GENERAL INFORMATION
fixed length control field 720308s1968 fr a 000 0 fre
010 ## - LIBRARY OF CONGRESS CONTROL NUMBER
LC control number 68140770
015 ## - NATIONAL BIBLIOGRAPHY NUMBER
National bibliography number F68-9255
035 ## - SYSTEM CONTROL NUMBER
System control number (OCoLC)ocm00259211
035 ## - SYSTEM CONTROL NUMBER
System control number (NNC)1023923
040 ## - CATALOGING SOURCE
Original cataloging agency DLC
Transcribing agency FIN
Modifying agency SER
-- m/c
-- RQO
050 0# - LIBRARY OF CONGRESS CALL NUMBER
Classification number PQ1669
Item number .S3 1968
300 ## - PHYSICAL DESCRIPTION
Other physical details illus.
Dimensions 18 cm.
100 1# - MAIN ENTRY--PERSONAL NAME
Personal name Saulnier, Verdun L.
9 (RLIN) 22275
245 10 - TITLE STATEMENT
Title Du Bellay
Statement of responsibility, etc [par] V.-L. Saulnier.
250 ## - EDITION STATEMENT
Edition statement 4e édition augmentée ...
260 ## - PUBLICATION, DISTRIBUTION, ETC. (IMPRINT)
Place of publication, distribution, etc Paris,
Name of publisher, distributor, etc Hatier,
Date of publication, distribution, etc 1968.
300 ## - PHYSICAL DESCRIPTION
Extent 192 p.;
490 1# - SERIES STATEMENT
Series statement Connaissance des lettres ;
Volume number/sequential designation 32
500 ## - GENERAL NOTE
General note Illustrated cover.
504 ## - BIBLIOGRAPHY, ETC. NOTE
Bibliography, etc Includes bibliographies.
600 10 - SUBJECT ADDED ENTRY--PERSONAL NAME
Personal name Du Bellay, Joachim,
Dates associated with a name approximately 1522-1560.
9 (RLIN) 22276
942 ## - ADDED ENTRY ELEMENTS (KOHA)
Source of classification or shelving scheme Library of Congress Classification
Koha item type Monograph ( Printed materials)
Holdings
Withdrawn status Lost status Source of classification or shelving scheme Damaged status Not for loan Collection code Home library Current library Shelving location Date acquired Total Checkouts Full call number Barcode Date last seen Price effective from Koha item type
    Library of Congress Classification     Main Collection ARRUPE LIBRARY ARRUPE LIBRARY Main Collection 12/02/2016   PQ1669.S3 1968 46500006814 26/03/2019 12/02/2016 Monograph ( Printed materials)

 

Arrupe Library. PO Box MP320 Mt Pleasant, Harare, Zimbabwe
263 242 745411|librarian@aju.ac.zw